[Event "Maastricht Limburg op-C 8th"]
[Site "Maastricht"]
[Date "2014.06.08"]
[Round "4"]
[White "Smits, Marc"]
[Black "Van Wijnendaele, Jovanni"]
[Result "1-0"]
[WhiteElo "1532"]
[BlackElo "1654"]
[PlyCount "50"]
[EventDate "2014.06.06"]
[EventType "swiss"]
[EventRounds "7"]
[EventCountry "NED"]
[SourceTitle "EXT 2015"]
[Source "ChessBase"]
[SourceDate "2014.11.20"]
[SourceVersion "1"]
[SourceVersionDate "2014.11.20"]
[SourceQuality "1"]

1. e4 g6 2. c3 Bg7 3. d4 d6 4. Bd3 Nd7 5. Nf3 e5 6. 0-0 Ne7 7. Bg5 h6 8. Bh4 0-0 9. h3 Qe8 10. Na3 c6 11. Nc2 Kh7 12. Qd2 Ng8 13. Rae1 Ndf6 14. g4 Nd7 15. Bg3 Qd8 16. Nh4 Qc7 17. f4 exd4 18. Nxd4 Nc5 19. Bc2 Bd7 20. b4 Na6 21. Kh2 Rae8 22. f5 g5 23. f6 gxh4 24. e5+ Kh8 25. Qd3 hxg3+ 1-0

[Event "Maastricht Limburg op-C 8th"]
[Site "Maastricht"]
[Date "2014.06.07"]
[Round "3"]
[White "Krug, Franz Dieter"]
[Black "Smits, Marc"]
[Result "0-1"]
[WhiteElo "1596"]
[BlackElo "1532"]
[PlyCount "84"]
[EventDate "2014.06.06"]
[EventType "swiss"]
[EventRounds "7"]
[EventCountry "NED"]
[SourceTitle "EXT 2015"]
[Source "ChessBase"]
[SourceDate "2014.11.20"]
[SourceVersion "1"]
[SourceVersionDate "2014.11.20"]
[SourceQuality "1"]

1. d4 Nf6 2. c4 d6 3. Nc3 Nbd7 4. Nf3 c6 5. e3 e5 6. dxe5 dxe5 7. e4 Qc7 8. a3 Be7 9. b4 0-0 10. Bd3 h6 11. 0-0 Nh7 12. h3 Ndf6 13. Bb2 Nd7 14. Rc1 Qd8 15. Ne2 Bf6 16. Ng3 g6 17. Qd2 Bg7 18. Nh2 Qg5 19. Qc3 Re8 20. Rce1 Nb6 21. Bc2 Be6 22. c5 Nd7 23. f4 Qe7 24. f5 gxf5 25. exf5 Bd5 26. Rf4 Qf8 27. Nh5 exf4 28. Nxg7 Rxe1+ 29. Qxe1 Nhf6 30. Bxf6 Nxf6 31. Ne6 fxe6 32. fxe6 Qg7 33. Qe2 Re8 34. Bf5 Qg3 35. Nf1 Qc3 36. Nh2 Qe3+ 37. Qxe3 fxe3 38. Ng4 Nxg4 39. Bxg4 Bxe6 40. Be2 Rf8 41. Bf3 Bd5 42. Bxd5+ cxd5 0-1